| 000 | 02208ngm a2200553Ma 4500 | ||
|---|---|---|---|
| 001 | on1107415835 | ||
| 003 | OCoLC | ||
| 005 | 20240112112015.0 | ||
| 007 | vd cvaizs | ||
| 008 | 190607s2019 xxu088 j vleng d | ||
| 024 | 1 | _a191329084038 | |
| 028 | 4 | 2 | _a12365438 |
| 035 | _a(OCoLC)1107415835 | ||
| 040 |
_aLMJ _beng _cLMJ _dWACOL _e |
||
| 049 | _aWACL | ||
| 092 |
_aDVD _bUgl |
||
| 245 | 0 | 0 | _aUgly Dolls |
| 250 | _aWidescreen ed. | ||
| 260 |
_a[United States] : _bStx Entertainment, _c2019. |
||
| 264 |
_a[United States] : _bStx Entertainment, _c2019 |
||
| 300 |
_a1 videodisc (ca. 88 min.) : _bsd., col. ; _c4 3/4 in. |
||
| 500 | _a07/30/2019. | ||
| 508 | _aDirector, Kelly Asbury. | ||
| 511 | 1 | _aKelly Clarkson, Nick Jonas, Janelle Monae, Blake Shelton, Pitbull, Gabriel Iglesias, Wanda Sykes, Leehom Wang, Charli Xcx, Bebe Rexha, Emma Roberts. | |
| 520 | _aIn the adorably different town of Uglyville, weird is celebrated, strange is special, and beauty is embraced as more than simply meets the eye. Moxy loves her square-peg life in this round-hole town, but her curiosity about all things leads her to wonder if there's something, anything, on the other side of the mountain which nestles Uglyville. Moxy gathers a group of her closest friends and sets off to find what's on the other side. | ||
| 521 | 8 | _aMPAA rating: PG. | |
| 521 |
_aChildren's DVD _bMidwest Tape |
||
| 538 | _aDVD. | ||
| 546 | _aEnglish audio; Spanish subtitles. | ||
| 546 | _aEnglish subtitles for the deaf and hard of hearing. | ||
| 650 | 4 |
_aChildren's films. _96007020 |
|
| 650 | 4 |
_aAnimated. _96007021 |
|
| 650 | 4 |
_aAdventure. _96007022 |
|
| 650 | 4 |
_aFamily films. _96007023 |
|
| 655 | 4 |
_aChildren's. _96007024 |
|
| 700 | 1 |
_aClarkson, Kelly. _96007025 |
|
| 700 | 1 |
_aJonas, Nick. _95742386 |
|
| 700 | 1 |
_aMonae, Janelle. _95772544 |
|
| 700 | 1 |
_aShelton, Blake. _967203 |
|
| 700 | 1 |
_aPitbull, _96007026 |
|
| 700 | 1 |
_aIglesias, Gabriel. _95981091 |
|
| 700 | 1 |
_aSykes, Wanda. _95811107 |
|
| 700 | 1 |
_aWang, Leehom. _96007027 |
|
| 700 | 1 |
_aCharli Xcx, _96007028 |
|
| 700 | 1 |
_aRexha, Bebe. _96007029 |
|
| 700 | 1 |
_aRoberts, Emma. _96007030 |
|
| 942 |
_cDVD _2ddc |
||
| 948 |
_a08/05/2019 _zSirsi |
||
| 999 |
_c320574 _d320573 |
||